00824nac a22002411u 4500010001600000020001500016020004400031082001500075090001500090100003400105245006600139250001300205260004000218300003500258504005100293650003800344650002300382650002200405700002100427942001700448999001500465952010200480 a 95036376 a025614026X a0256206864 (International students ed.)00a337bL7449 c4598d4598 aLindert, Peter H. 10aInternational economics /cPeter H. Lindert, Thomas A. Pugel. a10th ed. aChicago, Ill. :bIrwin,1996cc1996. axxiv, 679 p. :bill. ;c24 cm. aIncludes bibliographical references and index. 0aInternational economic relations. 0aCommercial policy. 0aForeign exchange.1 aPugel, Thomas A. cBBk337L7449 c4598d4598 00104070aMAINbMAINc1STd2011-09-07ePurchasel0o337 LINp000005449r2025-07-15 00:00:00yBB